000 00653nab a2200193 4500
001 244442
003 OSt
005 20240109135248.0
007 tu
008 200917s2020|||||||
040 _aDE-2950
_cDE-2950
245 0 0 _aGefährliche Böller im Gepäck
_bKontrollen. Belehrungen, Beschlagnahme und Strafverfahren - An der Stadtbrücke in Frankfurt findet der Zoll bei einige Passanten illegales Feuerwerk/
_cLisa Mahlke
264 _c2023
653 _aFrankfurt (Oder)
653 _aSilvesterböller
653 _aGrenzkontrollen
773 0 _g34. Jahrgang (2023) Nr. 303 vom 30.12.2023, S. 15, mit Foto
_tMärkische Oderzeitung
942 _2z
_cA
999 _c372905
_d372905